00719nam a2200181Ia 4500008004100000020001800041041000800059082002200067100002400089245009500113260001600208300000800224365001600232700003700248906005400285999001900339952017900358230718s9999 xx 000 0 und d a9781787121089 aeng a005.13'3074 bPRA aPrakash PKS9201015 aR Deep Learning CookbookbSolve Complex Neural Net Problems With TensorFlow, H2O And MXNet c2017bPackt a270 cRs.b799.00 aPrakash PKS & Rao A.K.S.9201016 dO:0604319-Aug-2018B:IN27618-Jul-2018cCOMPb159.8 c348174d348174 00104070aCCEPbCCEPd2018-08-19ePradeep Book DistributorsfCOMPg639.20iIN276l0o005.13'3074 pCCEP-BK-59381r2023-07-18 00:00:00t159.8v799.00w2018-07-18yBKz059381